Statistiques concernant Départements français traversés par le 45ème parallèle

Cliquez ici pour prendre le quiz!

Statistiques générales

  • Ce quiz a été pris 58 fois
  • Le résultat moyen est 9 sur 10

Statistiques - réponses

Département% Correct
Cantal
96%
Gironde
96%
Corrèze
94%
Dordogne
94%
Lot
93%
Ardèche
91%
Haute-Loire
91%
Isère
91%
Drôme
89%
Hautes-Alpes
89%

Distribution des résultats

Percentile par nombre de réponses

% des personnes avec chaque résultat

Votre développement - résultats

Vous n’avez pas pris ce quiz